Operations of western intelligence services and Estonian refugees in post-war Estonia and the tactics of KGB counterintelligence
| Titel: | Operations of western intelligence services and Estonian refugees in post-war Estonia and the tactics of KGB counterintelligence |
|---|---|
| Verfasser: | |
| In: |
The anti-soviet resistance in the Baltic states, (1999), Seite 242-268 alle Artikel anzeigen |
| Veröffentlicht: | 1999 |
| Format: | Aufsatz |
| Sprache: | Englisch |
X
alg: 39294197 001A $01999:11-11-16 001B $01999:06-04-21 $t20:52:42.000 001D $01999:11-11-16 001U $0utf8 001X $00 002@ $0Aox 003@ $039294197X 007A $039294197X $aHEB 007T $0Herde07729 010@ $aeng 011@ $a1999 021A $aOperations of western intelligence services and Estonian refugees in post-war Estonia and the tactics of KGB counterintelligence 028A $aJürjo $dIndrek 031A $h242-268 $j1999 039B $aIn $8--Aau--. The @anti-soviet resistance in the Baltic states. - Vilnius : Du Ka, 1999. - 272 S.. - Ill., graph. Darst.. - ISBN 9986-647-10-X $x199900000000000758 $9090634799 045F $a900.947980904 $eDDC23BSB 045F/01 $a900 045F/03 $f0904 045F/03 $g4798 lok: 39294197 78 exp: 39294197 78 1 #EPN 201B/01 $019-04-17 $t11:42:39.000 201U/01 $0utf8 203@/01 $0789052253 208@/01 $a11-11-16 $be 209A/01 $a/ $f000 $x00 220C/01 $aTitelaufnehmer: pk 220C/01 $aHerkunft: LII Vilnius / Irena Tumelytė 237A/01 $aweiterführende Signatur(en):: 00.1047 244Z/01 $2Trx $#Estija $#Igaunija $#Estland $#Estonia $#Estonia $#Estónsko $#Estonsko $8--Trx--Eesti $x01 $9391237225 244Z/01 $aGeschichte 1945- $x02 244Z/01 $2Trx $#nõukogude okupatsioonipoliitika $#Sovietų Sąjungos okupacinė politika $#Soviet policies of occupation $#megszállási politika, szovjet $#polityka okupacyjna, sowiecka $#politika okupačná, sovietska $#politika okupační, sovětská $8--Trx--Besatzungspolitik, sowjetische $x03 $9391367412 244Z/01 $2Trx $#salateenistus $#slaptosios tarnybos $#secret services $#titkosszolgálatok $#służba bezpieczeństwa $#služby spravodajské, tajné $#služby zpravodajské, tajné $8--Trx--Geheimdienste $x04 $9391362852 244Z/01 $2Trx $8--Trx--Einzelbeiträge $x05 $9391384570 245Z/01 $a06.04.04 $x01 247C/01 $82080>Marburg/Lahn, Herder-Institut, Forschungsbibliothek, Bibliographieportal $9336309341
| LEADER | 00000caa a22000002c 4500 | ||
|---|---|---|---|
| 001 | 39294197X | ||
| 003 | DE-603 | ||
| 005 | 20210406205242.0 | ||
| 007 | tu | ||
| 008 | 161111s1999 xx |||| | u00||u|eng c | ||
| 035 | |a (DE-599)HEB39294197X | ||
| 040 | |a DE-603 |b ger |c DE-603 |d DE-603 | ||
| 041 | |a eng | ||
| 082 | 0 | 4 | |8 1\u |a 900.947980904 |q DE-101 |2 23/BSB |
| 085 | |8 1\u |b 900 | ||
| 085 | |8 1\u |z 1 |s 0904 | ||
| 085 | |8 1\u |z 2 |s 4798 | ||
| 100 | 1 | |a Jürjo, Indrek | |
| 245 | 0 | 0 | |a Operations of western intelligence services and Estonian refugees in post-war Estonia and the tactics of KGB counterintelligence |
| 264 | 0 | |c 1999 | |
| 773 | 0 | 8 | |i In |t The anti-soviet resistance in the Baltic states |d Vilnius : Du Ka, 1999 |h 272 S., Ill., graph. Darst. |z 998664710X |g (1999), Seite 242-268 |w (DE-603)090634799 |
| 924 | 0 | |9 2080 |a (DE-603)789052253 |b DE-2080 |c HES |d d |g / | |


